Las identidades del sujeto /
Conjunto de trabajos que aborda la cuestión del sujeto desde una perspectiva multidisciplinaria y a la vez histórica. La cultura occidental terminó por prometer un sujeto libre, reflexivo, crítico, respetuoso de la diferencia e incapaz de emplear ésta como coartada para justificar la desigualdad o f...
Guardat en:
| Autor principal: | |
|---|---|
| Format: | Llibre |
| Idioma: | espanyol |
| Publicat: |
Valencia, España :
Pre-Textos,
1997, c1997
|
| Matèries: | |
| Etiquetes: |
Sense etiquetes, Sigues el primer a etiquetar aquest registre!
|
MARC
| LEADER | 00000nam^a2200000^a^4500 | ||
|---|---|---|---|
| 001 | 000147318 | ||
| 005 | 20250521000000.0 | ||
| 009 | 20260310095944.293 | ||
| 020 | |a 84-8191-158-5 | ||
| 037 | |a Acervo ITESO - Biblioteca | ||
| 041 | |a ESP | ||
| 082 | |a 126. |b SAN | ||
| 100 | |a Sanfélix Vidarte, Vicente |e (ed.) | ||
| 245 | 1 | 4 | |a Las identidades del sujeto / |c Ed. e introd. de V. Sanfélix Vidarte. |
| 264 | 4 | |a Valencia, España : |b Pre-Textos, |c 1997, c1997 | |
| 300 | |a 162 p. | ||
| 336 | |a texto |b txt |2 rdacontenido | ||
| 337 | |a sin mediación |b n |2 rdamedio | ||
| 338 | |a volumen |b nc |2 rdasoporte | ||
| 520 | |a Conjunto de trabajos que aborda la cuestión del sujeto desde una perspectiva multidisciplinaria y a la vez histórica. La cultura occidental terminó por prometer un sujeto libre, reflexivo, crítico, respetuoso de la diferencia e incapaz de emplear ésta como coartada para justificar la desigualdad o falta de fraternidad. El problema es que en nuestra tradición el horror aparece constantemente disfrazado de civilización, en la forma de una uniformidad que elimina la diferencia o de una burocratización y una organización de la producción y la política que cosifican las relaciones humanas. | ||
| 649 | |a XX | ||
| 650 | |a Antropología Filosófica - |x Congresos | ||
| 650 | |a Escritores Italianos | ||
| 650 | |a Artistas Italianos | ||
| 650 | |a Escritores Ingleses | ||
| 650 | |a Pintores Franceses | ||
| 650 | |a Escritores Franceses | ||
| 650 | |a Artistas Franceses | ||
| 650 | |a Filósofos Franceses | ||
| 650 | |a Filósofos Alemanes | ||
| 650 | |a Identidad Personal | ||
| 650 | |a Diferencia y Otredad | ||
| 650 | |a Poesía Italiana - |x Historia y Crítica | ||
| 650 | |a Literatura Italiana - |x Historia y Crítica | ||
| 650 | |a Literatura Italiana - |y Siglo XVI | ||
| 650 | |a Literatura Inglesa - |x Historia y Crítica | ||
| 650 | |a Literatura Inglesa - |y Siglo XIX | ||
| 650 | |a Literatura Francesa - |x Historia y Crítica | ||
| 650 | |a Literatura Francesa - |y Siglo XX | ||
| 650 | |a Postimpresionismo | ||
| 650 | |a Pintura Francesa - |x Historia y Crítica | ||
| 650 | |a Pintura Francesa - |y Siglo XIX | ||
| 650 | |a Arte Francés - |x Historia y Crítica | ||
| 650 | |a Arte Francés - |y Siglo XIX | ||
| 650 | |a Estética | ||
| 650 | |a Filosofía Griega | ||
| 650 | |a Filosofía Clásica | ||
| 650 | |a Filosofía del Renacimiento | ||
| 650 | |a Racionalismo | ||
| 650 | |a Filosofía Moderna | ||
| 650 | |a Irracionalismo | ||
| 650 | |a Filosofía Alemana | ||
| 650 | |a Gauguin, Paul | ||
| 650 | |a Leiris, Michel | ||
| 650 | |a Descartes, René | ||
| 600 | |a Miguel Angel | ||
| 600 | |a Conrad, Joseph | ||
| 600 | |a Hegel, Friedrich | ||
| 910 | |a Fondo General | ||
| 920 | |a Impresos - Libros | ||
| 930 | |a Colección General | ||
| 905 | |a 101 | ||
| 901 | |a 0500076780 |b IT1 |c ACC |u 20250521 | ||
| 902 | |a https://opac.biblio.iteso.mx/vufind/Record/000147318 | ||